[Event "18th Prague Open-A 2019"]
[Site "Prague"]
[Date "2019.01.12"]
[Round "3"]
[White "Low, Zhen Yu Cyrus"]
[Black "Kozak, Antoni"]
[Result "1-0"]
[WhiteElo "2385"]
[BlackElo "2236"]
[Annotator "TA"]
[PlyCount "99"]
[EventDate "2019.01.11"]
[EventType "swiss"]
[EventCountry "CZE"]
[SourceTitle "playchess.com"]
[Source "ChessBase"]
[SourceQuality "1"]

{[%evp 22,99,37,39,54,51,56,34,36,44,56,52,60,62,70,68,66,72,72,75,132,131,132,130,168,-13,-19,-25,0,-44,0,0,5,6,9,0,0,0,0,0,0,0,8,0,0,0,10,0,0,-62,7,10,47,57,61,0,81,0,25,19,14,21,26,28,85,54,71,71,70,2,2,4,26,8,525,516,447,432,389,368]} 1. e4 c5 2. Nf3 e6 3. d4 cxd4 4. Nxd4 Nc6 5. Nc3 d6 6. g3 Nf6 7. Bg2 Be7 8. O-O O-O 9. Be3 a6 10. Nxc6 {B80: Sicilian Scheveningen: 6 g3 and 6 Be3, including English Attack} (10. f4 Qc7 11. Kh1 Rb8 12. a4 Re8 13. Qd2 Nxd4 14. Bxd4 e5 15. Be3 Be6 16. a5 Rbc8 17. f5 Bc4 18. Rfd1 d5 19. exd5 Bb4 {1-0 (29) Kryvoruchko,Y (2710)-Salem,A (2624) Berlin 2015}) 10... bxc6 11. Na4 Rb8 12. c4 {LiveBook: 5 Games. White is slightly better.} e5 13. b3 Be6 14. Nc3 $146 ({Predecessor:} 14. Rc1 Qd7 15. Qd3 Bh3 16. Rfd1 Bxg2 17. Kxg2 Qg4 {1-0 (50) Nowak,L (2116)-Teclaf,P (2235) Warsaw 2015}) 14... Qd7 15. Qe2 Bh3 16. Rad1 Bxg2 17. Kxg2 Qe6 18. Rd3 Nd7 19. Rfd1 f5 {White should prevent ...f4.} 20. Bg5 {Black must now prevent Bxe7.} f4 (20... Nf6 $142) 21. Bxe7 $16 Qxe7 22. f3 $1 fxg3 23. hxg3 $2 ({White has to play} 23. Rxd6 $18 Nc5 24. Rxc6 (24. hxg3 Rf6 $16)) 23... Rf6 $11 24. Qd2 {[%cal Rd3d6]} Rbf8 $1 25. Na4 {[%cal Rd3d6]} d5 26. cxd5 cxd5 27. Nc3 ({Reject} 27. exd5 e4 $17) ({Not} 27. Rxd5 Nb8 $16) 27... Qf7 $1 28. Nxd5 Rxf3 {[#]} 29. Ne7+ $1 {[%mdl 512]} Kh8 (29... Qxe7 30. Rxf3) 30. Nf5 Rxd3 31. Qxd3 Nc5 $132 {[%mdl 2048] Black is fighting back} 32. Qc2 Ne6 $1 33. Rf1 Qd7 34. Rd1 Qf7 35. Qc3 (35. Rf1 $11) 35... Nd4 (35... Qh5 $15 36. Re1 Rd8) 36. Rf1 g6 37. Ne3 Qe8 38. Qc4 ({Better is} 38. Rxf8+ $14 Qxf8 39. Ng4) 38... a5 (38... Rxf1 $11 39. Nxf1 Qc6) 39. Nd5 (39. Qc5 $1 $16 Rxf1 40. Nxf1) 39... h5 40. Qa6 Qc8 41. Rf6 Qxa6 ({Don't blunder} 41... Qc2+ $2 42. Kh3 $18) 42. Rxa6 {[%mdl 4096] Endgame KRN-KRN} Rc8 (42... Kg7 $11 {keeps the balance.}) 43. Rxg6 {Strongly threatening Nf6.} Rc2+ 44. Kh3 {Nf6 is the strong threat.} Kh7 45. Rf6 ({White should play} 45. Ra6 $1 $14) 45... Rxa2 46. Kh4 Rh2+ 47. Kg5 {Threatening mate with Rf7+.} Rh3 $2 {[%mdl 8192] [#]} (47... Rg2 $11 {and Black is okay.}) 48. Rf7+ $1 $18 Kg8 {[#]} 49. Kf6 $1 {Ne7+ would kill now.} Nc6 50. Rc7 {Precision: White = 57%, Black = 35%.} 1-0

[Event "18th Prague Open-A 2019"]
[Site "Prague"]
[Date "2019.01.12"]
[Round "3"]
[White "Gschnitzer, Oswald"]
[Black "Shyam Prasad Reddy K"]
[Result "1-0"]
[WhiteElo "2370"]
[BlackElo "2137"]
[Annotator "TA"]
[PlyCount "85"]
[EventDate "2019.01.11"]
[EventType "swiss"]
[EventCountry "CZE"]
[SourceTitle "playchess.com"]
[Source "ChessBase"]
[SourceQuality "1"]

{[%evp 20,85,33,35,83,44,55,14,24,27,19,0,8,8,19,-12,-16,-34,-20,-24,-33,-26,-34,-33,-41,-38,-3,-3,-4,-2,0,-15,0,-14,0,-14,0,-22,0,7,7,0,0,11,35,12,515,509,481,510,496,503,463,460,452,416,5173,5085,29967,29964,29976,29978,29978,29979,29979,29980,29967,29966]} 1. Nf3 Nf6 2. c4 g6 3. Nc3 d5 4. cxd5 Nxd5 5. Qb3 Nb6 6. d4 Bg7 7. Bf4 O-O 8. Rd1 c6 {D90: Grünfeld: 4 Nf3 Bg7 sidelines} 9. e3 Be6 10. Qc2 N8d7 11. Be2 {LiveBook: 3 Games} (11. Ng5 Bc4 12. Bxc4 Nxc4 13. Qe2 Nd6 14. O-O h6 15. Nf3 Qa5 16. e4 {½-½ (75) Khismatullin,D (2617)-Matinian,N (2495) Sochi 2016}) 11... Nf6 12. O-O Nbd5 13. Be5 Bf5 $146 ({Predecessor:} 13... Rc8 14. Ng5 Qa5 15. Nxe6 fxe6 16. Na4 {1-0 (40) Krutti,V (2415)-Gara,A (2030) Zalakaros 1995}) 14. Qb3 Qb6 15. Bc4 Rfd8 16. Rfe1 Rac8 17. Ng5 h6 18. Nxf7 Qxb3 19. Bxb3 Kxf7 20. e4 {[#]} Nxe4 $1 {[%mdl 512]} 21. Nxe4 Bxe5 22. dxe5 b6 23. Rd4 Be6 24. Red1 Rc7 25. Kf1 Rcd7 26. Nc3 Ke8 27. Ke2 g5 28. Kf3 h5 29. Ke4 {[%cal Rc3d5]} Nxc3+ 30. bxc3 Rxd4+ 31. cxd4 $11 {[%mdl 4096] Endgame KRB-KRB} Kf7 32. Rc1 Rc8 $2 {[%mdl 8192]} (32... c5 $11) 33. Bxe6+ $1 $18 Kxe6 {[#]} 34. Rxc6+ $3 {[%mdl 576] Remove Defender, Decoy} Rxc6 {KR-KP} 35. d5+ {[%mdl 64] Double Attack} Kd7 36. dxc6+ Kxc6 {[#] KP-KP} 37. Kf5 $1 {[%cal Rf5e6] Threatens to win with Ke6.} Kd5 (37... Kd7 $142 38. Kxg5 b5 39. Kxh5 b4) 38. Kxg5 b5 39. Kxh5 {White mates.} a5 40. g4 {[%cal Bg2g4,Bg4g5,Bg5g6][%mdl 32]} Ke6 41. Kh6 b4 42. g5 a4 {[#]} 43. g6 $1 {Accuracy: White = 60%, Black = 23%.} 1-0

[Event "18th Prague Open-A 2019"]
[Site "Prague"]
[Date "2019.01.12"]
[Round "3"]
[White "Lin, Yi"]
[Black "Mulenko, Alexander"]
[Result "1-0"]
[WhiteElo "2359"]
[BlackElo "2090"]
[Annotator "TA"]
[PlyCount "97"]
[EventDate "2019.01.11"]
[EventType "swiss"]
[EventCountry "CZE"]
[SourceTitle "playchess.com"]
[Source "ChessBase"]
[SourceQuality "1"]

{[%evp 23,97,31,18,-5,0,-29,-13,-55,-9,-9,-4,-22,-27,-70,-68,-65,-36,-39,0,-38,-15,-23,0,-24,68,69,65,68,90,80,87,71,157,157,152,162,156,149,167,167,167,167,192,183,197,197,203,196,260,245,305,297,340,339,410,390,500,498,492,520,506,513,497,451,631,618,668,654,832,850,883,964,990,984,981,967]} 1. d4 Nf6 2. c4 e6 3. g3 d5 4. Bg2 Bb4+ 5. Bd2 Be7 6. Nf3 O-O 7. O-O Nbd7 8. Qc2 c6 9. Rd1 Ne4 10. Bf4 {E11: Bogo-Indian} g5 11. Bc1 f5 12. Nc3 Bf6 {LiveBook: 4 Games} 13. Be3 $146 ({Predecessor:} 13. e3 Rf7 14. b3 b6 15. Bb2 Bb7 16. Rac1 Qe8 17. Ne2 Rc8 {½-½ (53) Caruana,F (2802)-Nakamura,H (2786) chess.com INT 2017}) 13... Qe7 14. Qc1 h6 15. Nd2 (15. b3 {with more complications.} Rf7 16. Ne1 Nd6 17. f4 dxc4 18. Nf3) 15... Bg7 {[#] ...Nxc3 is the strong threat.} 16. Ndxe4 dxe4 17. f3 e5 {Black wants to play ...f4.} 18. f4 exf4 19. gxf4 g4 20. d5 Qb4 21. c5 Nf6 22. d6 Be6 23. Qd2 Kh8 (23... Rae8 $11) 24. Nxe4 $14 Qxd2 25. Nxd2 Nd5 26. Bxd5 $1 Bxd5 27. Nf1 Rad8 (27... Rae8 $142) 28. Bd4 $16 h5 29. Ne3 Be6 30. Kf2 Kh7 31. b4 Bh6 32. Be5 Bg7 33. Bxg7 Kxg7 34. h4 Kf6 35. Nf1 a6 (35... Bf7 {was called for.} 36. Ng3 Kg6) 36. Ng3 $18 Kg6 37. a4 Rfe8 38. Ra3 Bd7 39. Rdd3 Be6 40. Re3 {White is clearly winning.} Bd5 41. Rxe8 Rxe8 {[%mdl 4096] Endgame KRB-KRN} 42. Re3 Be4 43. Ke1 Kf7 44. Nxh5 Rh8 45. Ng3 Rxh4 46. Nxe4 Rh1+ 47. Kf2 {[#] And now d7 would win.} fxe4 48. Rxe4 Rd1 49. e3 {Precision: White = 67%, Black = 26%.} 1-0

[Event "18th Prague Open-A 2019"]
[Site "Prague"]
[Date "2019.01.12"]
[Round "3"]
[White "Cerveny, Petr"]
[Black "Ludvik, Tomas"]
[Result "1-0"]
[WhiteElo "2318"]
[BlackElo "2089"]
[Annotator "TA"]
[PlyCount "111"]
[EventDate "2019.01.11"]
[EventType "swiss"]
[EventCountry "CZE"]
[SourceTitle "playchess.com"]
[Source "ChessBase"]
[SourceQuality "1"]

{[%evp 15,111,0,2,-10,25,8,20,0,0,0,0,0,16,16,12,13,29,17,15,4,40,25,28,0,25,32,61,61,59,46,116,110,125,128,169,169,169,172,174,143,143,144,143,143,143,143,143,147,159,163,198,185,198,181,174,181,198,198,198,198,241,233,262,262,271,271,270,270,270,263,267,267,267,252,378,297,383,358,342,341,430,256,1278,1206,875,875,1323,743,1255,769,1005,858,1087,1079,863,808,748,602]} 1. e4 e6 2. d4 d5 3. Nc3 Bb4 4. exd5 exd5 5. Bd3 Nc6 6. Nge2 Nge7 7. O-O Bf5 8. Bf4 O-O {LiveBook: 7 Games. C01: French: Exchange Variation} 9. a3 (9. Bxf5 Nxf5 10. Qd3 Nce7 {½-½ (10) Landa,K (2611)-Baron,T (2528) Karlsruhe 2017}) 9... Bd6 (9... Bxc3 $5 10. bxc3 Qd7 $11) 10. Re1 $146 ({Predecessor:} 10. Bxf5 Nxf5 11. Qd3 Nce7 12. Nxd5 Nxd5 13. Qxf5 Nxf4 14. Nxf4 g6 15. Qg4 Qf6 16. Nh5 {1-0 (41) Gonzalez Parejo,R (2243)-Ruiz Castillo,J (2403) Quibdo 2015}) 10... Re8 {The position is equal.} 11. Bb5 Qd7 12. Qd2 a6 {aiming for ...Bxf4.} 13. Ba4 Be6 14. Bxd6 Qxd6 15. Nf4 Ng6 16. Nxg6 hxg6 17. Ne2 f6 18. Nf4 Bf7 19. h4 Rxe1+ 20. Rxe1 Ne7 21. c3 Nf5 22. g3 Rd8 (22... g5 $1 $14 23. hxg5 fxg5) 23. Bc2 Qd7 24. Qd3 Kf8 25. h5 g5 26. Qxf5 gxf4 27. Qxd7 ({Stronger than} 27. gxf4 Qxf5 28. Bxf5 Bxh5 $11) ({Don't take} 27. Qxf4 $6 Bxh5 28. Kg2 Re8 $16) 27... Rxd7 $18 {[%mdl 4096] Endgame [#] KRB-KRB} 28. g4 $1 ({Of course not} 28. gxf4 $6 Bxh5 29. Bf5 Rd8 $11) 28... Rd6 {[#]} 29. Kg2 $1 Rb6 30. Rb1 Be8 31. Kf3 a5 32. Kxf4 a4 33. Ke3 Bb5 34. Kd2 Bd7 35. f3 Bc6 36. Bf5 Bb5 37. Re1 Bc4 38. Kc1 Bb5 39. Re6 Rxe6 40. Bxe6 {KB-KB} Bc6 41. f4 Ke7 42. Bf5 Be8 43. Kd2 b6 44. Ke3 c6 (44... Bb5 {keeps fighting.} 45. g5 Kf7) 45. Kf3 Kf8 46. Kg3 Ke7 47. Kh4 Kf8 48. Bc2 (48. g5 $142 Ke7 49. g6) 48... b5 $2 (48... c5 49. g5 Bb5) 49. Bf5 {White is clearly winning.} Ke7 50. g5 {[%cal Bg4g5,Bg5h6][%mdl 32]} Kf8 51. Bc8 Ke7 52. h6 {Hoping for h7.} gxh6 53. gxh6 {h7 is the strong threat.} Kf7 54. Bf5 Kg8 55. Kg4 Kf7 56. Kf3 {Accuracy: White = 72%, Black = 37%.} 1-0

[Event "18th Prague Open-A 2019"]
[Site "Prague"]
[Date "2019.01.12"]
[Round "3"]
[White "Kulkarni Bhakti"]
[Black "Kvaloy, Aksel Bu"]
[Result "1/2-1/2"]
[WhiteElo "2303"]
[BlackElo "1914"]
[Annotator "TA"]
[PlyCount "51"]
[EventDate "2019.01.11"]
[EventType "swiss"]
[EventCountry "CZE"]
[SourceTitle "playchess.com"]
[Source "ChessBase"]
[SourceQuality "1"]

{[%evp 19,51,0,0,0,0,0,16,0,0,0,0,0,0,0,0,0,11,0,0,4,9,-3,-8,-5,22,23,23,5,26,0,0,-52,-62,-44]} 1. d4 Nf6 2. c4 c5 3. d5 b5 4. Qc2 bxc4 5. e4 e6 (5... d6 6. Bxc4 g6 7. Nc3 Bg7 8. Nf3 Nbd7 9. h3 O-O 10. O-O Rb8 11. Re1 Nh5 12. Be2 Ne5 13. Nxe5 Bxe5 14. Bxh5 gxh5 15. Bh6 Re8 16. Qd2 Kh8 17. Bf4 Bd4 18. Be3 {0-1 (63) Dreev,A (2644)-Perunovic,M (2622) Berlin 2015}) 6. Bxc4 {A57: Benko/Volga Gambit} exd5 7. exd5 d6 8. Ne2 {[%cal Bg1e2,Be2g3,Bg3e4][%mdl 32]} Be7 9. O-O O-O 10. Nbc3 Nbd7 {LiveBook: 15 Games} 11. b3 Nb6 12. Ng3 Ng4 13. Bf4 Bf6 $146 14. Nge4 Bf5 15. Bd3 Bxe4 16. Bxe4 Bxc3 17. Qxc3 Nf6 18. Qd3 Nxe4 19. Qxe4 Qf6 $36 {[%mdl 2048] Black fights for an advantage.} 20. Rad1 Rfe8 (20... Rae8 $5 21. Qf3 $8 h6 $11) 21. Qf3 Nd7 22. Qg3 Ne5 23. Rfe1 Qf5 (23... Nd3 $5 24. Rxe8+ (24. Qxd3 Qxf4 25. Qb5 Re5 $11) 24... Rxe8 25. Bxd6 Nxf2 26. Qxf2 (26. Rf1 Ne4 $11 {[%mdl 64] Double Attack}) 26... Qxd6 $11) 24. h3 (24. Bxe5 $5 Rxe5 25. Rxe5 Qxe5 26. Qxe5 dxe5 27. Rc1 $11) 24... f6 25. Kh1 (25. Bc1 $11) 25... a5 $15 26. Bc1 {Accuracy: White = 51%, Black = 62%.} 1/2-1/2

[Event "18th Prague Open-A 2019"]
[Site "Prague"]
[Date "2019.01.12"]
[Round "3"]
[White "Zhang, Xiaopeng"]
[Black "Postny, Evgeny"]
[Result "0-1"]
[WhiteElo "2299"]
[BlackElo "2623"]
[Annotator "TA"]
[PlyCount "82"]
[EventDate "2019.01.11"]
[EventType "swiss"]
[EventCountry "CZE"]
[SourceTitle "playchess.com"]
[Source "ChessBase"]
[SourceQuality "1"]

{[%evp 18,82,-6,-14,-14,-19,-12,-18,0,0,0,-20,0,0,0,-15,0,-35,-3,-49,-38,-54,0,-12,0,0,0,0,0,-20,-6,-18,-22,-54,-57,-77,-77,-103,-104,-109,-109,-119,-104,-115,-101,-115,-80,-80,-80,-104,-110,-102,-101,-112,-104,-174,-170,-238,-227,-215,-213,-407,-369,-361,-362,-356,-341]} 1. d4 Nf6 2. c4 e6 3. Nf3 Bb4+ 4. Nbd2 O-O 5. a3 Be7 6. g3 b6 7. Bg2 Bb7 8. O-O c5 9. dxc5 {E16: Queen's Indian: 4 g3 Bb7 5 Bg2 Bb4+} (9. e3 cxd4 10. exd4 d5 11. b3 Nc6 12. Bb2 Rc8 13. Rc1 dxc4 14. bxc4 Na5 15. Re1 Rc7 16. Qe2 Qc8 {½-½ (72) Dreev,A (2660)-Predojevic,B (2640) Sibenik 2016}) 9... bxc5 10. b3 {LiveBook: 9 Games} Nc6 11. Bb2 {The position is equal.} Qc7 12. Qc2 h6 13. Rfd1 Rab8 14. Nf1 $146 ({Predecessor:} 14. Rab1 Rfd8 15. Bc3 Ba8 16. Qb2 d5 17. cxd5 exd5 {1-0 (34) Fischer,H (2090)-Rogobete,N (2147) Bayern 2012}) 14... Ba8 15. Rab1 a5 16. Ne3 Rb6 17. Bc3 Rfb8 {[%cal Bf8b8,Bb8b6,Bb6a6][%mdl 32]} 18. Rb2 Qa7 19. h4 a4 20. bxa4 Rxb2 21. Bxb2 Na5 22. Be5 Rb6 23. Nd2 Bxg2 24. Kxg2 Nc6 25. a5 Qxa5 26. Bc3 Qa8 27. f3 Ra6 28. Nb1 Qb8 29. Qd3 Nh5 30. Nf1 {[#]} Bxh4 $1 {[%cal Rh5g3][%mdl 512]} 31. Qd6 (31. gxh4 Nf4+) 31... Qxd6 32. Rxd6 Rb6 33. Nbd2 Bf6 34. Ne4 Bxc3 35. Nxc3 Rb2 {Hoping for ...Rc2.} 36. Kf2 {[#]} (36. Rd2 $17 Rxd2 37. Nxd2) 36... Rc2 $1 $19 {[%cal Rc2c3]} 37. Ne4 (37. Nb5 $142) 37... Nd4 ({Not} 37... Rxc4 38. Rxd7 Nf6 39. Nxf6+ gxf6 40. Ne3 $15) 38. Nfd2 {[#]} Nxg3 $1 {[%mdl 512]} 39. Rxd7 $2 (39. Nxg3 Rxd2 40. Rxd7) 39... Nxe4+ {Black is winning.} 40. Nxe4 Rxe2+ 41. Kf1 Ra2 {Accuracy: White = 31%, Black = 68%.} 0-1

[Event "18th Prague Open-A 2019"]
[Site "Prague"]
[Date "2019.01.12"]
[Round "3"]
[White "Serrano Salvador, Eduardo"]
[Black "Frolov, Artur"]
[Result "0-1"]
[WhiteElo "2282"]
[BlackElo "2430"]
[Annotator "TA"]
[PlyCount "64"]
[EventDate "2019.01.11"]
[EventType "swiss"]
[EventCountry "CZE"]
[SourceTitle "playchess.com"]
[Source "ChessBase"]
[SourceQuality "1"]

{[%evp 23,64,23,25,6,35,30,36,34,41,41,37,6,46,28,40,15,25,24,51,50,103,46,45,58,62,51,49,36,59,16,37,33,37,3,9,8,0,-438,-450,-442,-459,-446,-440]} 1. d4 Nf6 2. Nf3 g6 3. c4 Bg7 4. g3 c6 5. Nc3 d5 6. cxd5 cxd5 7. Ne5 O-O 8. Bg2 e6 9. O-O Nfd7 10. f4 Nc6 11. Be3 Nb6 12. Bf2 f5 {LiveBook: 6 Games. D79: Fianchetto Grünfeld: Symmetrical Variation (6 0-0 c6 7 cxd5 cxd5)} (12... Ne7 13. Na4 f6 14. Nxb6 axb6 15. Nd3 Nf5 16. Qb3 Nd6 17. Rfc1 Bd7 18. a4 Rf7 19. Qd1 Bf8 20. b3 Ne4 {½-½ (58) Pantsulaia,L (2587)-Cheparinov,I (2718) Abu Dhabi 2018}) 13. a4 a5 14. Qb3 Bd7 {White has an edge.} 15. Rfc1 Be8 $146 ({Predecessor:} 15... Nb4 16. Nb5 Rc8 17. Be1 Bxe5 18. dxe5 Rxc1 19. Rxc1 Bxb5 20. axb5 {½-½ (60) Ma,Z (2394)-Wan,Y (2459) Qinhuangdao 2011}) 16. Nb5 g5 17. Qa3 Nc8 18. Rc3 Bf6 {[%cal Bg7f6,Bf6e7,Be7b4][%mdl 32]} 19. Rac1 Be7 20. Qb3 {[%cal Re5c6]} Bb4 21. R3c2 N8e7 (21... Nd6 $14) 22. Qe3 (22. fxg5 $16 Nxe5 23. dxe5) 22... g4 $14 23. Nd3 Bd7 24. Nc5 Bxc5 25. Rxc5 Qb8 26. Qa3 h5 27. R5c3 Nc8 28. Qc5 Rf7 29. h4 Nb4 {Hoping for ...Na2.} 30. Nc7 $2 {[%mdl 8192] [#]} (30. Qc7 $11 {and White is okay.} Qxc7 31. Rxc7 (31. Nxc7 Rb8 $11)) 30... b6 $19 {Black is clearly winning.} 31. Na6 Nxa6 ({Not} 31... bxc5 32. Nxb8 Rxb8 33. Rxc5 $19) 32. Qa3 Nd6 {Precision: White = 33%, Black = 48%.} 0-1

[Event "18th Prague Open-A 2019"]
[Site "Prague"]
[Date "2019.01.12"]
[Round "3"]
[White "Abdulla, Murad"]
[Black "Zhang, Ziji"]
[Result "0-1"]
[WhiteElo "2263"]
[BlackElo "2387"]
[Annotator "TA"]
[PlyCount "98"]
[EventDate "2019.01.11"]
[EventType "swiss"]
[EventCountry "CZE"]
[SourceTitle "playchess.com"]
[Source "ChessBase"]
[SourceQuality "1"]

{[%evp 22,98,-23,-17,0,-5,-24,-81,-85,-84,-82,-85,-80,-81,-51,-56,-56,-70,-51,-66,-51,-66,-51,-74,-55,-60,-64,-75,-43,-43,-43,-63,-36,-36,-36,-50,-43,-50,-50,-50,-50,-76,-78,-78,-79,-114,-110,-156,-173,-232,-232,-233,-220,-292,-236,-243,-251,-389,-378,-335,-334,-528,-518,-599,-587,-514,-415,-415,-415,-422,-408,-666,-666,-666,-666,-639,-623,-605,-428]} 1. e4 e5 2. Nf3 Nc6 3. Bb5 a6 4. Bxc6 dxc6 5. O-O f6 6. d4 exd4 7. Nxd4 c5 8. Nb3 Qxd1 9. Rxd1 Bd7 10. Be3 b6 11. Nc3 O-O-O 12. a4 {[#] LiveBook: 7 Games. a5 is the strong threat.} Bd6 {C69: Ruy Lopez: Exchange Variation with 5 0-0 f6} (12... a5 13. Nb5 Ne7 14. Nd2 g5 15. e5 fxe5 16. Nc4 Nc6 17. Bxg5 Re8 18. c3 Rg8 19. Be3 Bg4 20. Re1 Rd8 {0-1 (43) Cuenca Jimenez,J (2492)-Sutovsky,E (2628) Caleta 2017}) 13. Nd2 Be6 14. f4 (14. Ne2 $11) 14... Ne7 $17 {[%cal Bg8e7,Be7c6,Bc6d4,Bd4f3][%mdl 32] Black is better.} 15. Nf3 Nc6 16. Re1 $146 {[#]} Nd4 $1 {[%mdl 512]} 17. Rac1 (17. Bxd4 cxd4) 17... Nxf3+ (17... Rhe8 {seems wilder.} 18. Kf2 Kb7 19. h3 Nc6 20. g3 h6) 18. gxf3 f5 19. Rcd1 Rhf8 20. Rf1 Kb7 21. Rd2 Rfe8 22. Rfd1 Kc6 23. Kf2 Be7 24. Rxd8 Rxd8 (24... Bxd8 {keeps more tension.} 25. Kg2 Bh4 26. Bf2 Bf6 27. e5 Be7) 25. Rxd8 Bxd8 $15 {[%mdl 4096] Endgame KBB-KBN} 26. Ke2 b5 27. axb5+ axb5 28. Kd2 Bf6 29. Nd1 b4 30. Bf2 g6 31. b3 c4 32. bxc4 Bxc4 33. Be3 Kb5 34. Ba7 Be6 35. e5 (35. Ne3 $142) 35... Be7 $19 36. Be3 c5 {[%cal Bc7c5,Bc5c4,Bc4c3][%mdl 32]} 37. Nb2 Bd5 38. Ke2 c4 39. Bd4 (39. Ba7 {was worth a try.}) 39... c3 40. Nd1 Bc4+ 41. Ke3 (41. Kf2 $142) 41... Ka4 42. Bb6 Ka3 43. Ba7 Ka2 44. Kd4 Be2 45. Ne3 {and if Bc5 works, White does fine.} Bxf3 46. Bb8 (46. Bc5 $142 b3 47. cxb3 Bxc5+ 48. Kxc5) 46... b3 {Black is clearly winning.} 47. cxb3 Kxb3 (47... Kb2 $2 48. b4 $17) 48. Bd6 Bh4 {Strongly threatening ...Bb7.} 49. e6 c2 {Accuracy: White = 35%, Black = 74%.} 0-1

[Event "18th Prague Open-A 2019"]
[Site "Prague"]
[Date "2019.01.12"]
[Round "3"]
[White "Mis, Mieszko"]
[Black "Kulhanek, Tomas"]
[Result "1/2-1/2"]
[WhiteElo "2242"]
[BlackElo "2303"]
[Annotator "TA"]
[PlyCount "150"]
[EventDate "2019.01.11"]
[EventType "swiss"]
[EventCountry "CZE"]
[SourceTitle "playchess.com"]
[Source "ChessBase"]
[SourceQuality "1"]

{[%evp 13,150,56,61,33,40,29,23,7,14,5,18,0,8,0,0,0,0,0,0,-6,45,39,41,37,59,61,47,54,57,40,75,62,183,161,147,151,181,182,187,186,228,155,273,267,245,207,237,233,416,419,415,392,362,56,145,128,129,97,106,105,134,94,99,87,124,89,99,93,101,58,139,146,221,234,223,237,268,268,268,268,249,267,277,277,268,269,275,267,261,206,595,595,583,31,32,0,8,8,8,8,14,14,21,0,7,7,7,7,7,7,7,7,7,7,7,7,7,8,8,7,8,8,8,0,14,14,14,14,14,14,14,14,14,14,14,0,14,14,14]} 1. c4 d6 2. d4 g6 3. Nf3 Bg7 4. g3 e5 5. dxe5 dxe5 6. Qxd8+ Kxd8 7. Nc3 {A41: 1 d4 d6: Tartakower System and Modern Defence} f6 {LiveBook: 8 Games} 8. b3 (8. Be3 Be6 9. Nd2 Ne7 10. Bg2 c6 11. Nb3 Bxc4 12. O-O-O+ Kc7 13. Bc5 Nc8 14. f4 Bxb3 15. axb3 {0-1 (64) De Filomeno,S (2429)-Rombaldoni,D (2481) Chianciano Terme 2018}) 8... Be6 9. Ba3 {White is slightly better.} Nd7 10. Bg2 $146 ({Predecessor:} 10. O-O-O Nh6 11. Bg2 Kc8 12. h3 Nf7 13. Rd2 Re8 14. Rhd1 Bf8 15. Bxf8 Rxf8 {½-½ (29) Fontaine,Q (2122)-Pel,B (2264) Belgium 2016}) 10... Nh6 11. O-O Bf8 12. Bb2 Nf7 13. Rfd1 c6 14. Rac1 Ke8 15. Nd2 Rd8 16. h3 $36 {[%mdl 2048] White fights for an advantage.} Be7 (16... h5 $11) 17. Nd5 $14 {[#] aiming for Nc7+.} Bd6 18. Ne4 cxd5 19. cxd5 Bf5 {Threatens to win with ...Bxe4.} 20. Nxd6+ Nxd6 21. g4 $1 Be4 {[#] ...Bxg2 is the strong threat.} 22. f3 h5 (22... Bxf3 $14 23. Bxf3 (23. exf3 h5 $16) 23... Ke7) 23. fxe4 $18 hxg4 24. hxg4 Rh4 25. Ba3 Nb5 26. Bb4 f5 27. e3 {Strongly threatening a4.} (27. exf5 Rxg4 28. Rc4 Nd4 $16) 27... Nf6 (27... a5 $16) 28. gxf5 gxf5 29. Rf1 Nxe4 {Black wants to play ...Ng3.} 30. Rxf5 Rxd5 $2 (30... Nbd6 {was necessary.} 31. Rxe5+ Kd7 32. Bxd6 Nxd6) 31. Rf8+ Kd7 {If only Black now had time for ...Nbd6....} 32. Rf7+ Ke6 33. Rcf1 $2 ({Don't take} 33. Rxb7 Nbd6 $18) (33. Re7+ $18 Kf5 34. Rf1+ Kg6 35. Bf3) 33... Rd7 (33... Nbd6 $1 $14 34. Bxe4 (34. Rg7 Rd3 $14) 34... Nxf7 35. Bf5+ Kf6) 34. Rxd7 $16 Kxd7 35. Rf7+ Kc8 36. Re7 Ned6 37. Bxd6 Nxd6 38. Rxe5 {[%mdl 4096] Endgame KRB-KRN} b5 39. Rc5+ Kd8 40. Rc6 Nf5 41. e4 Ne3 ({Black should play} 41... Ng3 $1 $14) 42. Bf3 Rf4 (42... Ng4 $16) 43. Kf2 $18 Ng4+ 44. Kg3 Rxf3+ 45. Kxg4 {KR-KR} Rf2 46. Ra6 Kc7 47. Kg3 Rf1 48. Rxa7+ Kd6 49. Ra6+ Kc5 50. Kg4 Kd4 51. Rb6 Rf2 $2 (51... Kc5 {is a better chance.} 52. Ra6 Rg1+ 53. Kf5 Rf1+ 54. Ke6 Rh1) 52. Rxb5 Rxa2 53. e5 $2 ({White has to play} 53. Kf3 $18 Ra7 54. Rd5+ Kc3 55. e5) 53... Ke4 $1 $14 54. e6 {[%cal Be5e6,Be6e7][%mdl 32] Black must now prevent Kg5.} Ra6 {The position is equal.} 55. e7 Rg6+ $1 56. Rg5 Re6 57. Rg7 Ke5 58. Kf3 Kf6 59. Rh7 (59. e8=N+ {looks sharper.} Rxe8 60. Rg2 Rb8 61. Rb2 Kf5 62. Ke3) 59... Rxe7 60. Rh2 (60. Rh6+ {keeps more tension.} Ke5 61. Ke2 Kd4+ 62. Kd2 Kc5 63. Kc3) 60... Rb7 61. Rb2 Ke5 62. Ke3 Kd5 63. Kd3 $1 Kc5 64. Kc3 Rh7 65. Rg2 Rh3+ 66. Kb2 Kb6 67. Ka3 Rh4 68. b4 Rh6 69. Ka4 Rf6 70. Rg8 Rh6 71. Rb8+ Ka7 72. Rb5 Ka6 73. Ra5+ Kb6 74. Rc5 Rf6 75. Rh5 $1 Rg6 {Precision: White = 57%, Black = 50%.} 1/2-1/2

[Event "18th Prague Open-A 2019"]
[Site "Prague"]
[Date "2019.01.12"]
[Round "3"]
[White "Chudinovskikh, Alexander M"]
[Black "Lalic, Bogdan"]
[Result "1/2-1/2"]
[WhiteElo "2184"]
[BlackElo "2418"]
[Annotator "TA"]
[PlyCount "26"]
[EventDate "2019.01.11"]
[EventType "swiss"]
[EventCountry "CZE"]
[SourceTitle "playchess.com"]
[Source "ChessBase"]
[SourceQuality "1"]

{[%evp 21,26,32,28,-71,-15,-29,11]} 1. e4 c5 2. Nf3 d6 3. Bb5+ Nd7 4. O-O Ngf6 5. Re1 a6 6. Bf1 b6 7. c3 Bb7 8. d3 {B51: Sicilian: Moscow Variation (3 Bb5+) without 3...Bd7} g6 9. Nbd2 (9. Bg5 Bg7 10. Nbd2 h6 11. Bh4 O-O 12. d4 cxd4 13. cxd4 g5 14. Bg3 Nh5 15. a4 Nxg3 16. hxg3 {1-0 (47) Tomashevsky,E (2728)-Mamedov,R (2650) Huaian 2016}) 9... Bg7 10. d4 cxd4 11. cxd4 O-O {LiveBook: 12 Games} 12. d5 $146 {[#]} (12. a4 $11 {keeps the balance.}) ({Predecessor:} 12. Bd3 Rc8 13. Nf1 e5 14. d5 Nc5 15. Bc2 a5 {0-1 (51) Kobalia,M (2596)-Bocharov,D (2585) Sochi 2017}) 12... Rc8 (12... Nc5 $1 $17) 13. Nb3 Ng4 1/2-1/2